| 000 | 00392nam a2200133Ia 4500 | ||
|---|---|---|---|
| 008 | 211122s9999||||xx |||||||||||||| ||und|| | ||
| 082 |
_a894.812 4 _bKAD-V |
||
| 100 | _aKadammanitta, Ramakrishnan | ||
| 245 | 0 | _aVellivelicham | |
| 260 |
_bSimon & Schuster _aNew Delhi _c2003 |
||
| 630 | _xGeneral Stack | ||
| 650 |
_aMalayalam Literature _vMalayalam Essays LiteratureMalayalam |
||
| 942 | _cBOOK | ||
| 999 |
_c128943 _d128943 |
||